| 000 | 00390 a2200145 4500 | ||
|---|---|---|---|
| 999 |
_c2595 _d2595 |
||
| 020 | _a9780064965705 | ||
| 050 | _aK213 STO 1980 | ||
| 100 |
_aStoljar, Samuel _eAuthor |
||
| 245 | _aMoral and legal reasoning: | ||
| 264 |
_aUnited Kingdom: _bMacmillan Press _c1980 |
||
| 300 | _a172p.: | ||
| 500 | _aIncludes index | ||
| 650 |
_aLaw and ethics _xLegal resoaning |
||
| 942 |
_2lcc _cBK _h213 _iSTO _kK |
||